00837nam a22002177a 4500010001300000035001300013037001800026040001200044082001800056100002100074245006400095260004200159270004200201300002700243650005000270650006000320700001200380942002700392999001900419952018100438 aA-839773 aA-839773 bCen Lib / Ret aDPLbEN a895.1348bHSU aHsueh-Chin, Tsao aA dream of red mansions /cby Tsao Hsueh-Chin [and] Kao Ngo aChinabForeign Lanaguages Pressc1980 a24 Baiwanzhuang Road, Beijing bChina a(v 3. 586p)b24cm(Hb) aJia, Baoyu (Fictitious character) -- Fiction. aChina -- History -- Qing dynasty, 1644-1912 -- Fiction. aKao NGO 2ddccENh895.1348mHSU c136614d136614 04102ddc3v 34070aLbLd2016-03-05eCen Lib/Retl0oN TSApA-839773r2016-03-05 00:00:00t1w2016-03-05yENzWritten off on approval by DLB (By Circulation); dtd 15-06-2023